00763nam a2200241 a 450000100060000000300160000600500170002200800410003902000150008003500140009504000270010904100080013608200270014410000340017124500810020525000120028626000340029830000330033250400510036565000250041665000440044170000360048567049(BD-RjUL) 6718020211209081618.0170322s1987 nyua b 001 0 eng d a0333442865 a(BD-RjUL) aDLCcDLCdBD-RjULbeng aeng00a621.3815223bBAF 19871 aBannister, B. R.q(Brian Roy)10aFundamentals of modern digital systems /cB.R. Bannister and D.G. Whitehead. a2nd ed. aNew York :bMcmillan,cc1987. aix, 304 p. :bill. ;c24 cm. aIncludes bibliographical references and index. 0aDigital electronics. 0aElectronic digital computersxCircuits.1 aWhitehead, D. G.q(Donald Gill)